1644 1004 1140 1397 1395 1588 1751 1046 1175 1957 1504 1950 1441 1273 1385 1835 1551 1338 1337 1200 1576 1974 1977 1281 1573 1110 1318 1918 1988 1578 1537 1401 1252 1779 1475 1320 1768 1378 1313 1896 1896 1963 1065 1974 1071 1425 1964 1697 1566 1804 1455 1093 1418 1968 1130 1618 1870 1240 1460 1989 1765 1141 1240 1944 1313 1849 1873 1993 1413 1022 1824 1569 1220 1628 1023 1213 1029 1516 1191 1076 1207 1273 1868 1370 1225 1824 1032 1741 1203 1934 1985 1014 1501 1283 1990 1197 1285 1277 1736 BCNSPRNW ULIB Ver.6.0+V

เปลี่ยนเป็นภาษาไทย

Change to English
 แสดงรายละเอียดบรรณานุกรม
  กลับหน้าหลัก

Brief Record : Get Marc (ISO 2709) : E-mail record : QR code < ปิดหน้าต่าง
LEADER : 00000nam 2200000uu 4500
001    13399123231
003     ULIB
008    020711s2552 th a 000 0 tha d
050 14 LB1027^bส111ค
110    กระทรวงการท่องเที่ยวและกีฬา.^bกรมพลศึกษา.^bสถาบันพัฒนาบุคลากรการพลศึกษาและการกีฬา.
245    คู่มือผู้ตัดสินกีฬามวยสากลสมัครเล่น/^cสถาบันพัฒนาบุคลากรการพลศึกษาและการกีฬา
260    กรุงเทพฯ :^bโรงพิมพ์สหกรณ์การเกษตรแห่งประเทศไทย,^c2552
300    141 หน้า;^b26 ซม.
650    มวยสากลสมัครเล่น
945    ^p0^l0^i20362
999    ^aทศพร เกษรทอง
รายการนี้ยังไม่มีแท็ก
คุณยังไม่ได้ล็อกอิน คุณสามารถมีกิจกรรมร่วมกับเว็บไซต์ได้ แต่ต้องล็อกอินก่อน ::
  ล็อกอิน

รายการสื่อสารสนเทศ

ลำดับที่ ประเภท เลขเรียก/บาร์โค้ด สถานที่ สถานะ
1. การศึกษาทั่วไป
การศึกษาทั่วไป
LB1027 ส111ค ฉ.1 
  Barcode: 20362
ห้องสมุดวิทยาเขตนครสวรรค์
►หนังสือทั่วไป:l:General Books
บนชั้น
Note:อภินันทนาการ

BibComment


ยังไม่เคยถูกคอมเมนท์

คอมเมนท์ทรัพยากรรายการนี้
  คอมเมนท์: คู่มือผู้ตัดสินกี..


 Copyright 2026. Bcnsprnw @Library